Alphabet Breadcrumbs - Statistics

General Stats
  • This quiz has been taken 35 times
  • The average score is 20 of 26
Answer Stats
Hint Answer % Correct
Has a long neck Giraffe
100%
Tremor in the Earth Quake
100%
Nordic but not Scandinavian Finland
96%
Big is the ____ of small Opposite
96%
Easternmost country bordering N Russia
96%
Country invaded by R Ukraine
96%
Place where G is found Zoo
96%
Creature found in Z Elephant
93%
Country bordering F Norway
93%
Amount of letters in X Two
93%
Common flavouring Vanilla
93%
Liquid essential for E Water
93%
Amount of clock hands x T Six
85%
Common location from which P leaves Airport
81%
Symbol in N's flag Cross
81%
Sea monster in N myths Kraken
81%
Flat T dimensional surface Plane
81%
President of the PRC Xi
81%
Adjective to describe E Heavy
67%
City in U where a WW2 conference took place Yalta
67%
O of L Dark
63%
O of H Light
63%
Element 11 x S + 11 Iridium
48%
Format of quiz Breadcrumb
37%
Element below I Meitnerium
30%
The first of T x S January
19%
No matching quizzes found
Score Distribution
Percent of People with Each Score
Percentile by Number Answered
Your Score History
You have not taken this quiz